La sirenita / (Registro nro. 12269)

Detalles MARC
000 -LIDER
fixed length control field 00820nam a22002537a 4500
003 - IDENTIFICACDOR DE NÚMERO DE CONTROL
control field DO-SdBNP
005 - DATE AND TIME OF LATEST TRANSACTION
control field 20240806114450.0
008 - ELEMENTOS DE LONGITUD FIJA
fixed length control field 161205b 2005 sp a 00| 0 spa d
020 ## - ISBN
International Standard Book Number 8496412709
040 ## - FUENTE DE CATALOGACIÓN
Agencia que crea de manera original el registro BPMSU
Idioma de catalogación spa
Agencia que realiza la transcripción BPMSU
082 #4 - NÚMERO DE CLASIFICACIÓN DECIMAL DE DEWEY
Classification number A863.44
Item number S998s 2005
Edition number 22
100 1# - ASIENTO PRINCIPAL -- NOMBRE PERSONAL
Nombre personal Szpunberg, Alberto
Fechas asociadas con el nombre 1940-
245 13 - MENCIÓN DE TITULO
Título La sirenita /
Mención de responsabilidad Hans Christian Andersen, adaptación Alberto Szpunberg
260 ## - PUBLICACIÓN, DISTRIBUCIÓN, ETC. (PIE DE IMPRENTA)
Lugar de publicación, distribución, etc Barcelona :
Nombre del editor, distribuidor, etc. Diario El País,
Fecha de publicación, distribución, etc 2005.
300 ## - DESCRIPCIÓN FÍSICA
Extensión 45 p. :
Otros detalles físicos il., ;
Dimensiones 20 cm.
490 0# - MENCIÓN DE SERIES
Mención de serie Cuentos infantiles,
Volume/sequential designation 16
590 ## - NOTA LOCAL
Texto de la nota local Inventariado, 2024/VM
650 #4 - ENCABEZAMIENTO DE MATERIA--TEMÁTICO
Término temático o nombre geográfico como elemento de entrada Cuentos infantiles argentinos
650 #4 - ENCABEZAMIENTO DE MATERIA--TEMÁTICO
Término temático o nombre geográfico como elemento de entrada Literatura infantil argentina
700 1# - ASIENTO SECUNDARIO -- NOMBRE PERSONAL
Nombre personal Szpunberg, Alberto
Fechas asociadas con el nombre 1940-
Título de una obra La sirenita
700 1# - ASIENTO SECUNDARIO -- NOMBRE PERSONAL
Nombre personal Ink, Lancman
Mención de responsabilidad ilustración
910 ## - VALIDACIÓN
Validación VMateo V. Control de calidad. BPMSU
942 ## - ADDED ENTRY ELEMENTS (KOHA)
Source of classification or shelving scheme Dewey Decimal Classification
Koha item type Libros
Existencias
Withdrawn status Lost status Source of classification or shelving scheme Damaged status Not for loan Collection code Home library Current library Date acquired Source of acquisition Total Checkouts Full call number Barcode Date last seen Price effective from Koha item type
    Dewey Decimal Classification     Colección Infantil General Biblioteca Pública Metropolitana Salomé Ureña Biblioteca Pública Metropolitana Salomé Ureña 12/05/2016 FUNDI   BPMSU CGI A863.44 S998s 2005 BPMSU16120115 12/05/2016 12/05/2016 Libros